Climate change and urban water utilities : Challenges & opportunities

The report was prepared by a Bank team comprised of Alexander Danilenko, Eric Dickson and Michael Jacobsen, supported by AECOM International Development (Surendra Bhatta, Rachel MacCleery and Hoai Huynh) and Global Water Intelligence (Ankit Patel). This report is structured as follows: Chapter 1 pro...

Description complète

Enregistré dans:
Détails bibliographiques
Auteur principal: Danilenko, Alexander
Format: Livre
Langue:Undetermined
Publié: Washington DC. World Bank 2010
Sujets:
Tags: Ajouter un tag
Pas de tags, Soyez le premier à ajouter un tag!
Thư viện lưu trữ: Trung tâm Học liệu Trường Đại học Cần Thơ
LEADER 01680nam a2200205Ia 4500
001 CTU_166349
008 210402s9999 xx 000 0 und d
082 |a 354.366 
082 |b D184 
100 |a Danilenko, Alexander 
245 0 |a Climate change and urban water utilities : 
245 0 |b Challenges & opportunities 
245 0 |c World Bank Group ; Alexander Danilenko, Eric Dickson, Michael Jacobsen 
260 |a Washington DC. 
260 |b World Bank 
260 |c 2010 
520 |a The report was prepared by a Bank team comprised of Alexander Danilenko, Eric Dickson and Michael Jacobsen, supported by AECOM International Development (Surendra Bhatta, Rachel MacCleery and Hoai Huynh) and Global Water Intelligence (Ankit Patel). This report is structured as follows: Chapter 1 provides an overview of the role that climate change will have on urban water utilities and highlights the often competing priorities that water managers are faced with in developing countries; Chapter 2 describes the relationship between climate change and water resources as they influence water service provision; Chapter 3 presents a framework for analysis of vulnerability and adaptive capacity of water providers; Chapters 4 presents a framework for adaptation actions. Annexes contain detailed graphs and statistics taken from the international workshop held in Madrid, Spain in January of 2009 and utility specific case studies which are highlighted throughout the report. 
650 |a Climatic changes,Water supply,Water utilities,Biến đổi khí hậu,Cung cấp nước 
904 |i Trọng Hiếu 
980 |a Trung tâm Học liệu Trường Đại học Cần Thơ